000
00298nam a2200121 a 4500
005
20141022142004.0
008
100826s19uu xx 00 eng d
050
_a
VCD
_b
N88 2004
245
_a
Nutrition and elimination.
650
_a
VCD NUR
650
_a
Nutrition and elimination
942
_c
AVM
999
_c
276419
_d
276419